000 01007nam a2200253 i 4500
999 _c200439504
_d57716
003 TR-AnTOB
005 20240429084426.0
007 ta
008 210212s1964 tu g 00| 0 tur d
040 _aTR-AnTOB
_beng
_erda
_cTR-AnTOB
041 0 _atur
_aeng
_ager
_afre
050 1 4 _aHG5662
_b.I4 1964
090 _aTOBBK HG5662
_b.I4 1964
245 0 0 _aTürkiye yabancı sermaye yatırım rehberi =
_ba quide for foreign capital investments in Turkey = leitfaden für fremdkapital-investitionen in der Türkei = un guide pour investissements des capitaux etrangers en Turquie /
_cHaz. İktisat ve Ticaret Haberler Ajansı.
264 1 _aAnkara :
_bİktisat ve Ticaret Haberler Ajansı,
_c1964.
300 _a240 pages ;
_c30 cm
336 _atext
_btxt
_2rdacontent
337 _aunmediated
_bn
_2rdamedia
338 _avolume
_bnc
_2rdacarrier
650 7 _aYatırımlar, Dış
_zTürkiye
_2etuturkob
_949728
942 _2z
_cBK